| 000 | 01082cam a2200241 4500 | ||
|---|---|---|---|
| 001 | WB3740-25 | ||
| 008 | 011023n2001 000 0 eng u | ||
| 035 | _a(Sirsi) u115258 | ||
| 245 | _aCaravans | ||
| 260 | _c2001 | ||
| 490 |
_aEstates Gazette _v[2001] 42 EG 137 (CS) (10/10/01) |
||
| 520 | _a"Berkeley Leisure Group Ltd v Hampton" CA 5 October 2001. The claimant B owned a caravan park with planning permission allowing part of the park to be used for permanent residential occupation. In 1987 the defendant H was an employee and allowed to live in a rent-free caravan. In 2000 B served notice to quit on H. The issue was whether H's plot was protected under the Mobile Homes Act 1983. Judge found H entitled to security of tenure. "Held", appeal allowed. | ||
| 590 | _aWB | ||
| 650 | _aSITE LICENCES | ||
| 650 | _aCARAVANS | ||
| 650 | _aBERKELEY LEISURE GROUP LTD V HAMPTON | ||
| 650 | _aMOBILE HOMES ACT 1983 | ||
| 650 | _aPERMANENT PLANNING PERMISSION | ||
| 650 | _aSECURITY OF TENURE | ||
| 650 | _aRESIDENTIAL OCCUPATION | ||
| 690 | _aPROPERTY | ||
| 942 | _n0 | ||
| 999 |
_c68643 _d68643 |
||